Kvíz o ZOO Praha - znáš její zvířata? - Statistics

General Stats
  • This quiz has been taken 63 times
  • The average score is 12 of 28
Answer Stats
Hint Answer % Correct
Chovné programy Druh divokého koně, který Zoo Praha chová kůň Převalského
86%
Obecně Městská čvrť Troja
86%
Obecně Druh zvířete, jímž byl Gaston lachtan jihoafrický
77%
Obecně Ředitel (2010-) Miroslav Bobek
70%
Chovné programy Země, kam Zoo odvezla a kde vypustila několik jedinců tohoto koně Mongolsko
68%
Gorily Jméno jejího otce Richard
68%
Obecně Pohroma v srpnu 2002, při níž uhynul Gaston povodně
61%
Gorily Jméno prvního odchovaného mláděte gorily nížinné Moja
59%
Pavilony Alespoň jeden druh primátů, který obývá pavilon Indonéská džungle orangutani, giboni, makakové
52%
Pavilony Autor díla Karel Čapek
50%
Obecně Herec, který v r. 1934 daroval první dva jedince tohoto druhu Vlasta Burian
50%
Chovné programy Druh zvířete, na nějž se specializuje gorily nížinné
48%
Chovné programy Země, kam Zoo odvezla a kde vypustila několik jedinců tohoto koně Kazachstán
41%
Pavilony Ptáci, nacházející se ve Velké voliéře dravců orli, supi, krkavci
41%
Pavilony Největší obyvatel pavilonu Africký dům Žirafa núbijská (Rothschildova)
41%
Obecně Ředitel (1997-2010) Petr Fejk
36%
Chovné programy Druh zvířete, kterým bylo mládě Ilun (=Sněhulka) odchované uměle r. 1942 a mládě Severka odchované přirozeně r. 1960 lední medvěd
34%
Chovné programy V lednu 2023 se podařil poprvé v Evropě odchov mláděte tohoto asijského savce luskoun krátkoocasý
34%
Pavilony Název pavilonu, který je zasvěcen dílu Válka s Mloky Velemlokárium
30%
Chovné programy Název programu v Kamerunu Toulavý {autobus}
27%
Pavilony Kromě klokanů a klokánků obývají pavilon Darwinův kráter ještě tito vačnatci ďábli medvědovití a vombati obecní
25%
Gorily Jméno její matky Kijivu
18%
Chovné programy Samička dostala toto jméno Šiška
18%
Pavilony Vejcorodý savec v Darwinově kráteru ježura australská
16%
Gorily Název pavilonu, v němž poslední tři samice nyní přebývají Rezervace Dja
16%
Gorily Jméno její vnučky (narozena leden 2024) Mobi
14%
Gorily Jméno její dcery Duni
5%
Chovné programy Její rodiče byli do Zoo získáni z této země Tchaj-wan
2%
No matching quizzes found
Score Distribution
Percent of People with Each Score
Percentile by Number Answered
Your Score History
You have not taken this quiz